| 000 | 00808nas a2200253 i 4500 | ||
|---|---|---|---|
| 001 | 1500 | ||
| 003 | ES-MaACL | ||
| 005 | 20250803062528.0 | ||
| 007 | t| | ||
| 008 | 950801d19481977sp | | 1 ||pa d | ||
| 022 | _a0027-3309 | ||
| 080 | _a93/99 | ||
| 245 | 0 | 0 |
_aMundo hispánico _b: revista de veintitrés países / _cdir. Romley (Manuel Mª Gómez Gomes). |
| 260 |
_aMadrid : _bEdiciones Iberoamericanas, _c1948-1977 ( _fArtes Gráficas Faures) |
||
| 300 |
_a30 v. : _bgrab. ; _c35 cm. |
||
| 310 | _aMensual | ||
| 362 | 0 | _aAño I (feb. 1948)-(1977) | |
| 650 | 1 | 7 |
_aHistoria _2embne _9179933 |
| 852 |
_aES-MaACL _jHEM-H-114 _dOlim: HEM-1153 _cHEM |
||
| 866 | 0 | _o1948-1960(1961),1963-1977 | |
| 942 |
_2udc _cPERIODICA |
||
| 999 |
_c1500 _d1500 |
||